[Event "RUS-ch 1L (Women)"]
[Site "Serpukhov"]
[Date "2004.02.??"]
[Round "4"]
[White "Kharashkina, Bairta"]
[Black "Burtasova, Anna"]
[Result "1/2-1/2"]
[WhiteElo "2177"]
[BlackElo "2273"]
[PlyCount "84"]
[EventDate "2004.02.??"]
[EventType "swiss"]
[EventRounds "9"]
[EventCountry "RUS"]
[SourceTitle "EXT 2005"]
[Source "ChessBase"]
[SourceDate "2004.11.15"]
[SourceVersion "1"]
[SourceVersionDate "2004.11.15"]
[SourceQuality "1"]

1. e4 c5 2. c3 d5 3. exd5 Qxd5 4. d4 Nf6 5. Nf3 Bg4 6. Be2 e6 7. h3 Bh5 8. 0-0 Nc6 9. Be3 cxd4 10. cxd4 Be7 11. Nc3 Qd6 12. a3 0-0 13. Qb3 Rac8 14. Rfd1 Nd5 15. Nxd5 Qxd5 16. Qxd5 exd5 17. g4 Bg6 18. Ne5 Bc2 19. Nxc6 Rxc6 20. Re1 h6 21. Bf3 Bf6 22. Bxd5 Rb6 23. b4 Rd8 24. Bf3 Bxd4 25. Bxd4 Rxd4 26. Re8+ Kh7 27. Re7 f5 28. Rc1 Be4 29. Bxe4 Rxe4 30. Rxe4 fxe4 31. Re1 Ra6 32. Re3 Kg6 33. Kg2 Kf6 34. Kg3 g5 35. h4 Re6 36. hxg5+ hxg5 37. Rc3 Rd6 38. Rc7 Rd3+ 39. Kg2 Rxa3 40. Rxb7 a5 41. bxa5 Rxa5 42. Kg3 Ra3+ 1/2-1/2

[Event "EU-ch (Women) 4th"]
[Site "Istanbul"]
[Date "2003.06.06"]
[Round "5"]
[White "Gaprindashvili, Nona"]
[Black "Kharashkina, Bairta"]
[Result "1-0"]
[WhiteElo "2318"]
[BlackElo "2182"]
[PlyCount "147"]
[EventDate "2003.06.02"]
[EventType "swiss"]
[EventRounds "11"]
[EventCountry "TUR"]
[SourceTitle "CBM 094 Extra"]
[Source "ChessBase"]
[SourceDate "2003.07.09"]
[SourceVersion "2"]
[SourceVersionDate "2003.07.09"]
[SourceQuality "1"]

1. d4 f5 2. Nf3 Nf6 3. g3 g6 4. Bg2 Bg7 5. 0-0 0-0 6. d5 d6 7. Nd4 Qe8 8. c4 c6 9. Nc3 Bd7 10. Rb1 Na6 11. b3 Rb8 12. Bb2 Nc7 13. Qd2 c5 14. Nc2 b5 15. cxb5 Nxb5 16. Nxb5 Rxb5 17. Na3 Rb4 18. Nc4 Qf7 19. Rfd1 h6 20. f3 g5 21. Bh3 Qh5 22. Bg2 f4 23. Rf1 Be8 24. Bc3 Rb7 25. e4 fxe3 26. Nxe3 Qg6 27. Bh3 Bd7 28. Bxd7 Nxd7 29. Bxg7 Qxg7 30. Nc4 Rb4 31. a3 Rbb8 32. Kg2 Ne5 33. Nxe5 Qxe5 34. Rfe1 Qg7 35. Qd3 Rf6 36. Re3 Rbf8 37. Rbe1 R8f7 38. R1e2 h5 39. b4 cxb4 40. axb4 g4 41. fxg4 hxg4 42. Re4 Rg6 43. Rxe7 Rxe7 44. Rxe7 Qxe7 45. Qxg6+ Qg7 46. Qe6+ Kh7 47. Qxd6 Qb2+ 48. Kf1 Qxh2 49. Qe7+ Kg6 50. Qe6+ Kg5 51. Qe5+ Kg6 52. d6 Qh1+ 53. Ke2 Qf3+ 54. Kd2 Qf2+ 55. Kd3 Qf3+ 56. Kd4 Qf2+ 57. Kd5 Qa2+ 58. Kc6 Qa6+ 59. Kd7 Qb7+ 60. Kd8 Qxb4 61. d7 Kf7 62. Qf5+ Kg7 63. Qg5+ Kf7 64. Qh5+ Kg7 65. Qe5+ Kf7 66. Qe8+ Kf6 67. Qh8+ Kf7 68. Qe5 a5 69. Kc8 Qc4+ 70. Qc7 Qa6+ 71. Qb7 Qe6 72. Qb5 Ke7 73. Qc5+ Kf7 74. Kc7 1-0

[Event "EU-ch (Women) 4th"]
[Site "Istanbul"]
[Date "2003.06.05"]
[Round "4"]
[White "Kharashkina, Bairta"]
[Black "Bollengier, Andreea"]
[Result "1/2-1/2"]
[WhiteElo "2182"]
[BlackElo "2193"]
[PlyCount "87"]
[EventDate "2003.06.02"]
[EventType "swiss"]
[EventRounds "11"]
[EventCountry "TUR"]
[SourceTitle "CBM 094 Extra"]
[Source "ChessBase"]
[SourceDate "2003.07.09"]
[SourceVersion "2"]
[SourceVersionDate "2003.07.09"]
[SourceQuality "1"]

1. e4 c5 2. Nc3 Nc6 3. g3 g6 4. d3 Bg7 5. Be3 d6 6. Qd2 Rb8 7. Bg2 b5 8. Nge2 Nd4 9. 0-0 e6 10. Nd1 b4 11. f4 Ne7 12. g4 f5 13. gxf5 exf5 14. Ng3 0-0 15. c3 bxc3 16. bxc3 Ndc6 17. exf5 Bxf5 18. Nxf5 gxf5 19. Nf2 Qa5 20. Rac1 d5 21. c4 Qxd2 22. Bxd2 Rb2 23. Bc3 Bxc3 24. Rxc3 Nd4 25. Ra3 dxc4 26. dxc4 Ne2+ 27. Kh1 Nxf4 28. Rxa7 Neg6 29. Bd5+ Nxd5 30. cxd5 Rd2 31. Nh3 Re8 32. Ng5 Ree2 33. Rxh7 Rxd5 34. Rh6 Kg7 35. Rxg6+ Kxg6 36. Nh3 Rd4 37. Nf4+ Rxf4 38. Rxf4 Rxa2 39. Rc4 Kg5 40. Rxc5 Kg4 41. Kg1 f4 42. Rc3 f3 43. Rc8 Rg2+ 44. Kf1 1/2-1/2

[Event "RUS-ch (Women) 1st League"]
[Site "Serpukhov"]
[Date "2003.02.27"]
[Round "8"]
[White "Sukhareva, Olga Mikhailovna"]
[Black "Kharashkina, Bairta"]
[Result "0-1"]
[WhiteElo "2109"]
[BlackElo "2185"]
[PlyCount "71"]
[EventDate "2003.02.20"]
[EventType "swiss"]
[EventRounds "9"]
[EventCountry "RUS"]
[SourceTitle "EXT 2004"]
[Source "ChessBase"]
[SourceDate "2003.11.25"]
[SourceVersion "1"]
[SourceVersionDate "2003.11.25"]
[SourceQuality "1"]

1. e4 c6 2. d4 d5 3. e5 c5 4. dxc5 e6 5. Nf3 Bxc5 6. Bd3 Ne7 7. 0-0 Nbc6 8. Qe2 Ng6 9. c3 0-0 10. Re1 f5 11. a4 Bb6 12. Na3 Bc7 13. Bg5 Qe8 14. Nb5 Bb8 15. c4 dxc4 16. Bxc4 Ncxe5 17. Nxe5 Nxe5 18. Bb3 f4 19. f3 a6 20. Nd4 Qh5 21. Be7 Re8 22. Rac1 Ba7 23. Bc5 Bxc5 24. Rxc5 Nxf3+ 25. Nxf3 Qxc5+ 26. Kh1 Bd7 27. Qe4 Bc6 28. Qxf4 Rf8 29. Qe3 Qxe3 30. Rxe3 Bd5 31. Bd1 Rac8 32. Kg1 Rc1 33. Rd3 Bc6 34. b3 b5 35. Kf2 bxa4 36. bxa4 0-1

[Event "RUS-ch (Women) 1st League"]
[Site "Serpukhov"]
[Date "2003.02.26"]
[Round "7"]
[White "Kharashkina, Bairta"]
[Black "Dornbusch, Tatiana"]
[Result "0-1"]
[WhiteElo "2185"]
[BlackElo "2233"]
[PlyCount "62"]
[EventDate "2003.02.20"]
[EventType "swiss"]
[EventRounds "9"]
[EventCountry "RUS"]
[SourceTitle "EXT 2004"]
[Source "ChessBase"]
[SourceDate "2003.11.25"]
[SourceVersion "1"]
[SourceVersionDate "2003.11.25"]
[SourceQuality "1"]

1. c4 e5 2. Nc3 Nc6 3. g3 f5 4. Bg2 Nf6 5. d3 Bc5 6. e3 0-0 7. Nge2 Qe8 8. 0-0 d6 9. b3 f4 10. d4 Bb6 11. dxe5 dxe5 12. exf4 Bg4 13. Ba3 Rf7 14. c5 Ba5 15. f3 Bf5 16. Qc1 exf4 17. Nxf4 Nd4 18. Rf2 c6 19. g4 Bxg4 20. fxg4 Nxg4 21. Rf1 Bxc3 22. Qxc3 Rxf4 23. Kh1 Ne2 24. Qh3 Nf2+ 25. Rxf2 Rxf2 26. Qh4 Qe5 27. Qxf2 Qxa1+ 28. Bf1 Rf8 29. Qxe2 Qxf1+ 30. Qxf1 Rxf1+ 31. Kg2 Ra1 0-1

[Event "RUS-ch (Women) 1st League"]
[Site "Serpukhov"]
[Date "2003.02.25"]
[Round "6"]
[White "Kovaleva, Olga"]
[Black "Kharashkina, Bairta"]
[Result "1/2-1/2"]
[WhiteElo "2116"]
[BlackElo "2185"]
[PlyCount "91"]
[EventDate "2003.02.20"]
[EventType "swiss"]
[EventRounds "9"]
[EventCountry "RUS"]
[SourceTitle "EXT 2004"]
[Source "ChessBase"]
[SourceDate "2003.11.25"]
[SourceVersion "1"]
[SourceVersionDate "2003.11.25"]
[SourceQuality "1"]

1. e4 c5 2. Nf3 Nc6 3. d4 cxd4 4. Nxd4 Nf6 5. Nc3 e5 6. Ndb5 d6 7. Bg5 a6 8. Na3 b5 9. Nd5 Be7 10. Nxe7 Nxe7 11. Bxf6 gxf6 12. Qd2 Bb7 13. c4 Bxe4 14. cxb5 axb5 15. Nxb5 d5 16. Nc3 0-0 17. Nxe4 dxe4 18. Bc4 Qd4 19. Rc1 Rfd8 20. Qe2 Ng6 21. g3 f5 22. 0-0 Qb6 23. Rfd1 Rd4 24. Rd2 Rad8 25. Rdc2 f4 26. Bb3 f3 27. Qe1 Nf4 28. Rc6 Nh3+ 29. Kh1 Nxf2+ 30. Kg1 Nh3+ 31. Kh1 Qb4 32. Qf1 Ng5 33. h4 Ne6 34. R6c3 Ng7 35. a3 Qb6 36. Qh3 Rd3 37. Rxd3 exd3 38. Rc8 d2 39. Qd7 Ne6 40. Bxe6 d1Q+ 41. Qxd1 Rxc8 42. Bxc8 Qxb2 43. Qd8+ Kg7 44. Qg5+ Kf8 45. Qd8+ Kg7 46. Qg5+ 1/2-1/2

[Event "RUS-ch (Women) 1st League"]
[Site "Serpukhov"]
[Date "2003.02.24"]
[Round "5"]
[White "Movsesian, Julia"]
[Black "Kharashkina, Bairta"]
[Result "1-0"]
[WhiteElo "2275"]
[BlackElo "2185"]
[PlyCount "67"]
[EventDate "2003.02.20"]
[EventType "swiss"]
[EventRounds "9"]
[EventCountry "RUS"]
[SourceTitle "EXT 2004"]
[Source "ChessBase"]
[SourceDate "2003.11.25"]
[SourceVersion "1"]
[SourceVersionDate "2003.11.25"]
[SourceQuality "1"]

1. e4 c5 2. Nf3 Nc6 3. d4 cxd4 4. Nxd4 Nf6 5. Nc3 e5 6. Ndb5 d6 7. Bg5 a6 8. Na3 b5 9. Bxf6 gxf6 10. Nd5 f5 11. c3 Bg7 12. exf5 Bxf5 13. Nc2 Be6 14. g3 Ne7 15. Bg2 Rc8 16. 0-0 0-0 17. Nce3 Nxd5 18. Bxd5 Bxd5 19. Nxd5 f5 20. a4 Kh8 21. axb5 axb5 22. Ra7 Rc5 23. Qd3 f4 24. Rfa1 f3 25. h4 Qc8 26. Nf6 e4 27. Qxe4 Qf5 28. Qxf5 Rxf5 29. Nd7 Rg8 30. Rd1 b4 31. cxb4 Bxb2 32. Rxd6 Rb5 33. Nf6 Bxf6 34. Rxf6 1-0

[Event "RUS-ch (Women) 1st League"]
[Site "Serpukhov"]
[Date "2003.02.23"]
[Round "4"]
[White "Kharashkina, Bairta"]
[Black "Zaiatz, Elena"]
[Result "1/2-1/2"]
[WhiteElo "2185"]
[BlackElo "2331"]
[PlyCount "127"]
[EventDate "2003.02.20"]
[EventType "swiss"]
[EventRounds "9"]
[EventCountry "RUS"]
[SourceTitle "EXT 2004"]
[Source "ChessBase"]
[SourceDate "2003.11.25"]
[SourceVersion "1"]
[SourceVersionDate "2003.11.25"]
[SourceQuality "1"]

1. e4 e5 2. Nf3 Nc6 3. d4 exd4 4. Nxd4 Bb4+ 5. c3 Bc5 6. Be3 Bb6 7. Nd2 Nf6 8. Be2 h6 9. Nf5 Bxe3 10. Nxe3 0-0 11. 0-0 Re8 12. Bd3 Ne5 13. Bc2 d5 14. exd5 Nxd5 15. Nxd5 Qxd5 16. Bb3 Qd8 17. Nc4 Nd3 18. Qf3 Nc5 19. Rad1 Qe7 20. Bc2 Bd7 21. Ne3 Bc6 22. Nd5 Qe5 23. c4 Ne6 24. Qf5 Qxf5 25. Bxf5 Bxd5 26. cxd5 Nf4 27. d6 cxd6 28. Rxd6 Rad8 29. Rxd8 Rxd8 30. Re1 Kf8 31. g3 Nh5 32. Bg4 Nf6 33. Bf3 b6 34. Rd1 Rc8 35. Rd2 Ke7 36. Kg2 Rc7 37. b3 Nd7 38. Bd5 Nc5 39. Bc4 a5 40. Rd5 Kf6 41. Kf3 Ke7 42. h4 f6 43. Ke3 Rc6 44. h5 Nb7 45. Rd2 Nd6 46. Bd3 Ke6 47. Kd4 Rc5 48. Re2+ Kd7 49. Bg6 Rc1 50. a4 Rc5 51. Re1 Rg5 52. Re2 Rg4+ 53. Kd5 Rg5+ 54. Kd4 Rc5 55. Re1 Rc7 56. g4 Rc5 57. f3 Rc7 58. Re3 Rc1 59. Rc3 Re1 60. Re3 Rd1+ 61. Rd3 Rh1 62. Kd5 Rc1 63. Kd4 Re1 64. Re3 1/2-1/2

[Event "Serpukhov-H"]
[Site "Serpukhov"]
[Date "2003.??.??"]
[Round "5"]
[White "Karnaukhova, Elmira"]
[Black "Kharashkina, Bairta"]
[Result "1-0"]
[WhiteElo "2245"]
[BlackElo "2185"]
[PlyCount "35"]
[EventDate "2003.??.??"]
[EventType "tourn"]
[EventRounds "11"]
[EventCountry "RUS"]
[EventCategory "2"]
[SourceTitle "EXT 2005"]
[Source "ChessBase"]
[SourceDate "2004.11.15"]
[SourceVersion "1"]
[SourceVersionDate "2004.11.15"]
[SourceQuality "1"]

1. d4 f5 2. Bg5 g6 3. Nc3 Bg7 4. e4 fxe4 5. Nxe4 Nf6 6. Bd3 Nxe4 7. Bxe4 c5 8. Nf3 cxd4 9. Qe2 Qa5+ 10. c3 0-0 11. Bxe7 Re8 12. Qc4+ d5 13. Bxd5+ Kh8 14. 0-0 dxc3 15. b4 Qb6 16. Ng5 h6 17. Nf7+ Kh7 18. Nd6 1-0

[Event "Serpukhov-H"]
[Site "Serpukhov"]
[Date "2003.??.??"]
[Round "3"]
[White "Papin, Vasily"]
[Black "Kharashkina, Bairta"]
[Result "1/2-1/2"]
[WhiteElo "2322"]
[BlackElo "2185"]
[PlyCount "42"]
[EventDate "2003.??.??"]
[EventType "tourn"]
[EventRounds "11"]
[EventCountry "RUS"]
[EventCategory "2"]
[SourceTitle "EXT 2005"]
[Source "ChessBase"]
[SourceDate "2004.11.15"]
[SourceVersion "1"]
[SourceVersionDate "2004.11.15"]
[SourceQuality "1"]

1. e4 c5 2. Nf3 Nc6 3. Bb5 e6 4. 0-0 Nge7 5. c3 d5 6. e5 d4 7. d3 Bd7 8. c4 Ng6 9. Re1 Qc7 10. Qe2 Be7 11. a3 a6 12. Bxc6 Bxc6 13. Nbd2 Rd8 14. Rb1 a5 15. g3 b6 16. b3 Bb7 17. Ne4 Rd7 18. Ned2 Qc6 19. Qe4 Qc7 20. Qe2 Qc6 21. Qe4 Qc7 1/2-1/2

[Event "Serpukhov-H"]
[Site "Serpukhov"]
[Date "2003.??.??"]
[Round "10"]
[White "Sitnikov, Anton"]
[Black "Kharashkina, Bairta"]
[Result "1-0"]
[WhiteElo "2353"]
[BlackElo "2185"]
[PlyCount "61"]
[EventDate "2003.??.??"]
[EventType "tourn"]
[EventRounds "11"]
[EventCountry "RUS"]
[EventCategory "2"]
[SourceTitle "EXT 2005"]
[Source "ChessBase"]
[SourceDate "2004.11.15"]
[SourceVersion "1"]
[SourceVersionDate "2004.11.15"]
[SourceQuality "1"]

1. e4 c5 2. Nf3 Nc6 3. d4 cxd4 4. Nxd4 Nf6 5. Nc3 e5 6. Ndb5 d6 7. Bg5 a6 8. Na3 b5 9. Bxf6 gxf6 10. Nd5 f5 11. c3 Bg7 12. exf5 Bxf5 13. Nc2 Be6 14. Nce3 Ne7 15. g3 Nxd5 16. Nxd5 0-0 17. Bg2 Rc8 18. 0-0 Rc5 19. Qd2 a5 20. Rad1 Bg4 21. f3 Be6 22. f4 f5 23. fxe5 dxe5 24. Qe3 Rxd5 25. Bxd5 Bxd5 26. Qc5 Bh6 27. Qxd5+ Qxd5 28. Rxd5 b4 29. Rxe5 bxc3 30. bxc3 a4 31. Ra5 1-0

[Event "St Petersburg Rudenko Memorial (Women)"]
[Site "St Petersburg"]
[Date "2002.10.??"]
[Round "5.4"]
[White "Lagvilava, Genrieta"]
[Black "Kharashkina, Bairta"]
[Result "1-0"]
[WhiteElo "2284"]
[BlackElo "2185"]
[PlyCount "67"]
[EventDate "2002.10.??"]
[EventType "swiss"]
[EventRounds "9"]
[EventCountry "RUS"]
[SourceTitle "CBM 091 Extra"]
[Source "ChessBase"]
[SourceDate "2003.01.09"]
[SourceVersion "1"]
[SourceVersionDate "2003.01.09"]
[SourceQuality "1"]

1. e4 c5 2. Nf3 Nc6 3. Bb5 e6 4. Bxc6 bxc6 5. d3 Ne7 6. Qe2 Ng6 7. h4 h5 8. Nc3 e5 9. g3 d6 10. Ng5 Rb8 11. Nd1 Be7 12. Ne3 Bf6 13. Qf3 Nf8 14. Nf5 g6 15. Ne3 Bxg5 16. hxg5 Nh7 17. Nc4 Be6 18. Qe3 f6 19. gxf6 Nxf6 20. Qg5 Kf7 21. Qh4 Bxc4 22. dxc4 Qd7 23. b3 Qg4 24. f3 Qxh4 25. gxh4 Nd7 26. Bb2 Rhe8 27. 0-0-0 Re6 28. Bc3 Rf6 29. Rd3 Nb6 30. f4 Nd7 31. fxe5 Nxe5 32. Bxe5 dxe5 33. Rd7+ Ke6 34. Rhd1 1-0

[Event "EU-ch (Women) 3rd"]
[Site "Varna"]
[Date "2002.05.30"]
[Round "4"]
[White "Kharashkina, Bairta"]
[Black "Repkova, Eva"]
[Result "0-1"]
[WhiteElo "2193"]
[BlackElo "2345"]
[PlyCount "86"]
[EventDate "2002.05.27"]
[EventType "swiss"]
[EventRounds "11"]
[EventCountry "BUL"]
[SourceTitle "CBM 088 Extra"]
[Source "ChessBase"]
[SourceDate "2002.07.01"]
[SourceVersion "2"]
[SourceVersionDate "2002.07.01"]
[SourceQuality "1"]

1. e4 d5 2. exd5 Qxd5 3. d4 Nc6 4. Nf3 Bg4 5. Be2 0-0-0 6. c3 e5 7. h3 Bh5 8. dxe5 Qe4 9. Nbd2 Bxf3 10. Nxe4 Rxd1+ 11. Bxd1 Bxe4 12. 0-0 Bc5 13. Re1 Bf5 14. g4 Be6 15. Kg2 Nge7 16. f4 g6 17. Bf3 Rd8 18. Be4 h5 19. Kf3 a5 20. Bc2 hxg4+ 21. hxg4 Rh8 22. Kg3 Bf2+ 23. Kxf2 Rh2+ 24. Kg3 Rxc2 25. Rh1 b6 26. Rd1 a4 27. Rd3 g5 28. f5 Bxf5 29. gxf5 Nxf5+ 30. Kh3 g4+ 31. Kxg4 Nxe5+ 32. Kxf5 Nxd3 33. Be3 Nxb2 34. Kf6 Nc4 35. Bd4 Nd6 36. Ke5 Nb5 37. Rf1 Nxc3 38. Bxc3 Rxc3 39. Rf2 Rc5+ 40. Kf6 Kb7 41. Kxf7 Re5 42. Kf6 Re8 43. Rc2 b5 0-1

[Event "RUS-ch U20 Girls"]
[Site "Vladimir"]
[Date "2002.03.08"]
[Round "7"]
[White "Kharashkina, Bairta"]
[Black "Zimina, Olga"]
[Result "0-1"]
[WhiteElo "2187"]
[BlackElo "2345"]
[PlyCount "106"]
[EventDate "2002.03.01"]
[EventType "swiss"]
[EventRounds "11"]
[EventCountry "RUS"]
[SourceTitle "CBM 087 Extra"]
[Source "ChessBase"]
[SourceDate "2002.05.03"]
[SourceVersion "2"]
[SourceVersionDate "2002.08.09"]
[SourceQuality "1"]

1. e4 c6 2. d4 d5 3. exd5 cxd5 4. c4 Nf6 5. Nc3 g6 6. Qb3 Bg7 7. cxd5 0-0 8. Be2 Nbd7 9. Bf3 Nb6 10. Nge2 Bf5 11. 0-0 Bd3 12. d6 exd6 13. Bxb7 Rb8 14. Bf3 Re8 15. Qd1 Ba6 16. Re1 Qd7 17. b3 Rbc8 18. Ba3 g5 19. g4 h5 20. Qd2 hxg4 21. Bg2 Qf5 22. Rad1 d5 23. Ng3 Qf4 24. Nce2 Qxd2 25. Rxd2 Re6 26. Rc1 Rce8 27. Bf1 Ne4 28. Nxe4 Rxe4 29. Ng3 Re1 30. Rdd1 Rxd1 31. Rxd1 Bxf1 32. Kxf1 Rc8 33. Bc5 Bf8 34. b4 Kh7 35. Re1 Kg6 36. Re5 f6 37. Re1 Rd8 38. Re6 Kf7 39. Rc6 Rc8 40. Rxc8 Nxc8 41. Nf5 Nb6 42. Ne3 Be7 43. Nxg4 Bd8 44. Ke2 Ke6 45. Kd3 Bc7 46. h3 Bb8 47. Ne3 f5 48. Nc2 Nd7 49. Ne1 Nf6 50. Nf3 Ne4 51. Ke3 a6 52. a4 Bf4+ 53. Ke2 Nc3+ 0-1